Breve historia de los pueblos originarios en la Argentina / (Registro nro. 647)
[ vista simple ]
| 000 -LEADER | |
|---|---|
| fixed length control field | 01783nam a22002537a 4500 |
| 003 - CONTROL NUMBER IDENTIFIER | |
| control field | AR-RoUNCS |
| 005 - DATE AND TIME OF LATEST TRANSACTION | |
| control field | 20251027101608.0 |
| 008 - FIXED-LENGTH DATA ELEMENTS--GENERAL INFORMATION | |
| fixed length control field | 251027t2014 ag |||||r|||| 00| 0 spa d |
| 020 ## - INTERNATIONAL STANDARD BOOK NUMBER | |
| International Standard Book Number | 978-987-609-446-7 |
| 040 ## - CATALOGING SOURCE | |
| Original cataloging agency | AR-RoUNCS |
| Transcribing agency | AR-RoUNCS |
| 080 ## - UNIVERSAL DECIMAL CLASSIFICATION NUMBER | |
| Authority record control number or standard number | 94(=1.82-82) |
| 100 1# - MAIN ENTRY--PERSONAL NAME | |
| Personal name | Martínez Sarasola, Carlos, |
| Dates associated with a name | 1949-2018 |
| Relator term | autor |
| 245 10 - TITLE STATEMENT | |
| Title | Breve historia de los pueblos originarios en la Argentina / |
| Statement of responsibility, etc. | Carlos Martínez Sarasola. |
| 250 ## - EDITION STATEMENT | |
| Edition statement | 1a ed. |
| 260 ## - PUBLICATION, DISTRIBUTION, ETC. | |
| Place of publication, distribution, etc. | Buenos Aires : |
| Name of publisher, distributor, etc. | Del Nuevo Extremo, |
| Date of publication, distribution, etc. | 2014. |
| 300 ## - PHYSICAL DESCRIPTION | |
| Extent | 268 p. : |
| Other physical details | il., mapas, fot. byn ; |
| Dimensions | 23 cm. |
| 490 0# - SERIES STATEMENT | |
| Series statement | Colección Pueblos originarios |
| 504 ## - BIBLIOGRAPHY, ETC. NOTE | |
| Bibliography, etc. note | Bibliografía: p. 267-268. |
| 505 0# - FORMATTED CONTENTS NOTE | |
| Formatted contents note | Palabras previas a la tercera edición -- Palabras previas a la presente edición -- Introducción -- Pte. 1: Las culturas originarias: Cap. 1. Los antiguos -- Cap. 2. Las comunidades que ocupaban nuestro territorio en el siglo XVI -- Pte. 2: Las culturas originarias en la conformación nacional: Cap. 3. El drama de la conquista -- Cap. 4. Inmersos en una revolución -- Cap. 5. La quimera de ser libres -- Pte. 3: La cuestión indígena: Cap. 6. De señores de la tierra a minorías étnicas -- Cap. 7. El Estado y las políticas hacia el indígena -- Cap. 8. Viven los indios -- Epílogo. |
| 520 1# - SUMMARY, ETC. | |
| Summary, etc. | "Carlos Martínez Sarasola logra un compendio preciso y actualizado, ágil y atractivo, de su gran libro "Nuestros paisanos los indios", síntesis fundamental de la historia de los pueblos originarios en la Argentina. Esta breve historia, dirigida principalmente a los jóvenes, se propone difundir el tema indígena ante el más amplio público posible." -- (Contratapa). |
| 650 #4 - SUBJECT ADDED ENTRY--TOPICAL TERM | |
| Topical term or geographic name entry element | PUEBLOS INDÍGENAS |
| General subdivision | HISTORIA |
| Geographic subdivision | ARGENTINA |
| 650 #4 - SUBJECT ADDED ENTRY--TOPICAL TERM | |
| Topical term or geographic name entry element | ABORÍGENES ARGENTINOS |
| General subdivision | HISTORIA |
| 942 ## - ADDED ENTRY ELEMENTS (KOHA) | |
| Source of classification or shelving scheme | Universal Decimal Classification |
| Koha item type | Obra General |
| Suppress in OPAC | No |
| Withdrawn status | Lost status | Source of classification or shelving scheme | Damaged status | Not for loan | Collection | Home library | Current library | Date acquired | Source of acquisition | Total checkouts | Full call number | Barcode | Date last seen | Price effective from | Koha item type |
|---|---|---|---|---|---|---|---|---|---|---|---|---|---|---|---|
| Universal Decimal Classification | Colección General | Biblioteca Escuela de Ciencias Sociales | Biblioteca Escuela de Ciencias Sociales | 27/10/2025 | Donación 2024 | 94(=1.82-82) M385 | 001092 | 27/10/2025 | 27/10/2025 | Obra General |